000 00442nam a22001817a 4500
003 MPLRDC
005 20220104143950.0
008 210129b ||||| |||| 00| 0 eng d
020 _a962-17-1037-5
082 _a857.623 YG-3 v.8 c.4
100 _a余过
245 _a恐怖的圣诞夜
_c
260 _a
_b明窗出版社
_c1992
300 _b
490 _a述异系列
650 _a灵异小说
942 _cBK
_o857.623 YG-3 v.8 c.4
999 _c45083
_d45073